| 000 | 00836nam a22002657a 4500 | ||
|---|---|---|---|
| 001 | 9359 | ||
| 003 | FISKH | ||
| 005 | 20251212083604.0 | ||
| 008 | 251212b cb ||||| |||| 00| 0 eng d | ||
| 040 |
_aFISKH _beng _cFISKH _dFISKH |
||
| 050 | _aPZ7.S11855 B | ||
| 082 | _a813.54 | ||
| 100 | _aSachs, Dorothea M. | ||
| 245 |
_aBaby sister / _cby Dorothea M. Sachs ; Illustrated by Joy Friedman |
||
| 260 |
_aNew York : _bA Golden Books, _c1986. |
||
| 300 |
_a24 unnumbered pages : _bcolor illustrations ; _c20 cm |
||
| 505 | _aH | ||
| 520 | _aA young boy comes to accept his new baby sister and learns to take care of her. | ||
| 521 | 8 |
_a430
_bLexile estimate |
|
| 521 | 8 |
_aH
_bRaz-Plus |
|
| 650 |
_aBabies _vFiction _xFamily _ySisters |
||
| 700 |
_aFriedman, Joy _eillustrator |
||
| 942 |
_2ddc _cBK _n0 |
||
| 999 |
_c9359 _d9359 |
||